Sports Quiz

Random Sports or Clickable Quiz
Score 0/80 Timer 10:00
0 Plays Today
% Correct
Emmitt Smith
95.6%
Felix Jones
92.6%
Roy Williams (WR)
92.6%
Jason Witten
91.2%
Miles Austin
91.2%
Tony Romo
91.2%
Dez Bryant
91.2%
Keyshawn Johnson
91.2%
Terry Glenn
91.2%
DeMarco Murray
91.2%
Tashard Choice
91.2%
Kevin Ogletree
91.2%
Marion Barber
89.7%
Terrell Owens
89.7%
Joey Galloway
88.2%
Julius Jones
86.8%
Roy Williams (S)
86.8%
Patrick Crayton
86.8%
Quincy Carter
85.3%
Terence Newman
83.8%
Sam Hurd
83.8%
Drew Bledsoe
82.4%
DeMarcus Ware
82.4%
Martellus Bennett
82.4%
Laurent Robinson
80.9%
Antonio Bryant
79.4%
Jon Kitna
79.4%
Anthony Fasano
77.9%
Sean Lee
75%
Eddie George
75%
Troy Hambrick
73.5%
Raghib Ismail
73.5%
Bradie James
67.6%
Orlando Scandrick
67.6%
Brandon Carr
67.6%
Dwayne Harris
67.6%
Vinny Testaverde
64.7%
Mike Jenkins
64.7%
Randall Cunningham
64.7%
Richie Anderson
63.2%
% Correct
David LaFleur
61.8%
Morris Claiborne
61.8%
Terrance Copper
60.3%
Phillip Tanner
57.4%
Dexter Coakley
57.4%
James McKnight
57.4%
Anthony Henry
54.4%
Aveion Cason
52.9%
Dan Campbell
51.5%
John Phillips
50%
Deon Anderson
48.5%
Chris Gronkowski
47.1%
Reggie Swinton
44.1%
Randal Williams
42.6%
Jackie Harris
42.6%
Chris Warren
42.6%
Woody Dantzler
42.6%
Lousaka Polite
42.6%
ReShard Lee
41.2%
Tony Curtis
41.2%
Pat Watkins
41.2%
Tony McGee
39.7%
Clint Stoerner
39.7%
Bryan McCann
38.2%
Jason Hatcher
38.2%
Tyson Thompson
33.8%
Mario Edwards
30.9%
Kevin Burnett
29.4%
Robert Thomas
26.5%
Jason Tucker
26.5%
Michael Wiley
25%
Jeff Robinson
23.5%
Wane McGarity
23.5%
Al Singleton
23.5%
Mike Lucky
23.5%
Tim Seder
22.1%
Darnay Scott
22.1%
Darrin Chiaverini
22.1%
Erik Bickerstaff
22.1%
Darian Barnes
17.6%

You're not logged in!

Compare scores with friends on all Sporcle quizzes.
OR
Log In

Sporcle TV

Today on Sporcle TV


Watch our educational content, quiz creation guides, and fun videos on Sporcle TV.

Show Comments

Extras

Top Quizzes Today


Score Distribution

Paid Content

Your Account Isn't Verified!

In order to create a playlist on Sporcle, you need to verify the email address you used during registration. Go to your Sporcle Settings to finish the process.

Report this User

Report this user for behavior that violates our Community Guidelines.

Details: